[Event "Mercredi 2025.02.19 ABCD"]
[Site "Montreal CAN"]
[Date "2025.03.18"]
[Round "2"]
[White "Jacquet, Stephane"]
[Black "Cardin, Guillaume"]
[Result "1/2-1/2"]
[WhiteElo "2042"]
[BlackElo "2067"]
[WhiteFideId "-1"]
[WhiteFideId "-1"]
[PlyCount "77"]
[GameId "2157618670129371"]
[EventDate "2025.02.19"]
[EventType "tourn"]
[EventRounds "5"]
[EventCountry "CAN"]

1. d4 Nf6 2. c4 g6 3. Nc3 d5 4. cxd5 Nxd5 5. Bd2 Bg7 6. Nf3 Nb6 7. Bg5 O-O 8. e3 c5 9. dxc5 N6d7 10. Be2 h6 11. Bh4 Nc6 12. O-O Nxc5 13. Nd5 g5 14. Bg3 Bf5 15. Rc1 Ne4 16. Qb3 g4 17. Rfd1 gxf3 18. Nf6+ Bxf6 19. Rxd8 Rfxd8 20. Bxf3 Nxg3 21. hxg3 Ne5 22. Bd5 e6 23. e4 exd5 24. exf5 Rac8 25. Rd1 b6 26. Qe3 Kh7 27. Qe2 d4 28. f4 Nc4 29. Qh5 Rd7 30. g4 Ne3 31. g5 Bg7 32. g6+ fxg6 33. Qxg6+ Kh8 34. f6 Nxd1 35. fxg7+ Rxg7 36. Qxh6+ Rh7 37. Qf6+ Rg7 38. Qh6+ Rh7 39. Qf6+ 1/2-1/2

[Event "Mercredi 2025.02.19 ABCD"]
[Site "Montreal CAN"]
[Date "2025.03.05"]
[Round "3"]
[White "Bain-Thouverez, Aurelien"]
[Black "Cebria Oliveira, Gabriel"]
[Result "1-0"]
[WhiteElo "1804"]
[BlackElo "1804"]
[WhiteFideId "-1"]
[WhiteFideId "-1"]
[PlyCount "91"]
[GameId "2157618670129399"]
[EventDate "2025.02.19"]
[EventType "tourn"]
[EventRounds "5"]
[EventCountry "CAN"]

1. Nf3 Nf6 2. g3 g6 3. Bg2 Bg7 4. d4 d6 5. c4 O-O 6. Nc3 Nbd7 7. O-O e5 8. Bg5 h6 9. Bxf6 Bxf6 10. dxe5 dxe5 11. Qd2 Bg7 12. Rad1 c6 13. Bh3 f5 14. e4 Qe8 15. Nh4 Nc5 16. Qd6 Nxe4 17. Nxe4 fxe4 18. Bxc8 Rxc8 19. Qxg6 Qxg6 20. Nxg6 Rf7 21. Rfe1 Kh7 22. Nh4 Bf8 23. Rxe4 Bc5 24. Rd2 Rcf8 25. Ree2 Bd4 26. Ng2 c5 27. Ne1 e4 28. Ng2 b6 29. Nf4 Re8 30. Kg2 e3 31. Rd3 Rg8 32. fxe3 Bxe3 33. Rexe3 Rxf4 34. Re7+ Kg6 35. gxf4 Kf6+ 36. Rg3 Rxg3+ 37. Kxg3 Kxe7 38. Kg4 Kf6 39. f5 h5+ 40. Kf4 a6 41. a4 h4 42. h3 a5 43. b3 Kf7 44. Kg5 Kg7 45. Kxh4 Kf6 46. Kg4 1-0

[Event "Mercredi 2025.02.19 ABCD"]
[Site "Montreal CAN"]
[Date "2025.03.05"]
[Round "3"]
[White "Batorshyn, Ilia"]
[Black "Pomerantz, Daniel"]
[Result "1-0"]
[WhiteElo "2253"]
[BlackElo "1018"]
[WhiteFideId "-1"]
[WhiteFideId "-1"]
[PlyCount "137"]
[GameId "2157618669932750"]
[EventDate "2025.02.19"]
[EventType "tourn"]
[EventRounds "5"]
[EventCountry "CAN"]

1. e4 c5 2. Nf3 Nc6 3. g3 d6 4. Bg2 Nf6 5. Qe2 g6 6. O-O e5 7. c3 Bg7 8. Na3 O-O 9. Nc2 Re8 10. d3 Rb8 11. b4 b5 12. Be3 Qe7 13. a4 a6 14. Rfb1 h6 15. h3 Kh7 16. axb5 axb5 17. Nd2 Nd7 18. Nb3 cxb4 19. Nxb4 Nxb4 20. cxb4 Nb6 21. Na5 Bd7 22. Rc1 Rec8 23. Rxc8 Nxc8 24. Qc2 Qd8 25. Rc1 Ne7 26. Qc7 Be6 27. Nb7 Qxc7 28. Rxc7 Nc8 29. Nd8 Nb6 30. Nc6 Na8 31. Ra7 Rc8 32. Ne7 Rc7 33. Rxa8 Rxe7 34. Rb8 Rc7 35. Rxb5 Rc3 36. Bf1 Rb3 37. Kg2 Rb1 38. Be2 Rb2 39. Bf1 Rb1 40. h4 Bf8 41. Rb8 Kg7 42. d4 d5 43. dxe5 dxe4 44. Be2 Re1 45. Bf1 Bg4 46. Bd4 Rd1 47. Rd8 Be6 48. Be2 Rd2 49. b5 Bc5 50. Bxc5 Rxd8 51. Bd6 Bd5 52. g4 e3+ 53. Kg3 exf2 54. Kxf2 Rd7 55. b6 Rb7 56. Bc7 Kf8 57. Bb5 Ke7 58. Ke3 f6 59. Kd4 Bf3 60. Ba6 h5 61. exf6+ Kxf6 62. g5+ Kf7 63. Kc5 Ke6 64. Bb5 Rxc7+ 65. bxc7 Bb7 66. Kb6 Bc8 67. Bd3 Kf7 68. Ka7 Be6 69. Bc4 1-0

[Event "Mercredi 2025.02.19 ABCD"]
[Site "Montreal CAN"]
[Date "2025.03.05"]
[Round "3"]
[White "Chapdelaine, Gwyn"]
[Black "Mok, Yuen Tak"]
[Result "0-1"]
[WhiteElo "2174"]
[BlackElo "2136"]
[WhiteFideId "-1"]
[WhiteFideId "-1"]
[PlyCount "94"]
[GameId "2157618669932749"]
[EventDate "2025.02.19"]
[EventType "tourn"]
[EventRounds "5"]
[EventCountry "CAN"]

1. d4 d5 2. c4 c6 3. Nf3 Nf6 4. Nc3 e6 5. g3 dxc4 6. Bg2 Nbd7 7. O-O Bb4 8. Qc2 O-O 9. Rd1 h6 10. Ne5 Qe7 11. Nxc4 e5 12. dxe5 Nxe5 13. Nxe5 Qxe5 14. Bf4 Qh5 15. a3 Ba5 16. Na4 Re8 17. b4 Bb6 18. Nxb6 axb6 19. e4 b5 20. a4 bxa4 21. Rxa4 Rxa4 22. Qxa4 Bh3 23. f3 Bxg2 24. Kxg2 g5 25. g4 Nxg4 26. fxg4 Qxg4+ 27. Bg3 Rxe4 28. Qb3 Qe2+ 29. Kg1 Re3 30. Rd8+ Kg7 31. Qd1 Qxd1+ 32. Rxd1 b6 33. Rb1 Re2 34. Re1 Rc2 35. Rb1 Kf6 36. Bc7 b5 37. Bb6 h5 38. Rf1+ Ke6 39. Rf2 Rc4 40. Bc5 f5 41. Rd2 f4 42. Kg2 Ke5 43. h3 Ke4 44. Kf2 Ke5 45. Re2+ Kf5 46. Bd6 Kg6 47. Bc5 Kf6 {0-1 en 75 coups} 0-1

[Event "Mercredi 2025.02.19 ABCD"]
[Site "Montreal CAN"]
[Date "2025.03.05"]
[Round "3"]
[White "Chasles, Jean-Benoit"]
[Black "Beaulieu, Pierre"]
[Result "0-1"]
[WhiteElo "1742"]
[BlackElo "1720"]
[WhiteFideId "-1"]
[WhiteFideId "-1"]
[PlyCount "54"]
[GameId "2157618670129401"]
[EventDate "2025.02.19"]
[EventType "tourn"]
[EventRounds "5"]
[EventCountry "CAN"]

1. e4 c5 2. Nf3 e6 3. d4 cxd4 4. Nxd4 a6 5. Be3 Nf6 6. Nd2 b5 7. c4 Bb7 8. e5 Ne4 9. cxb5 Bb4 10. a3 Bxd2+ 11. Bxd2 O-O 12. Bd3 Nxf2 13. Bxh7+ Kxh7 14. Qh5+ Kg8 15. Kxf2 f6 16. Ke2 Qb6 17. Bc3 Qc5 18. Rhf1 axb5 19. Nf3 Nc6 20. Rad1 b4 21. Rxd7 Ba6+ 22. Kd1 Rad8 23. Rxd8 Rxd8+ 24. Kc2 bxc3 25. Ng5 Bd3+ 26. Kc1 cxb2+ 27. Kxb2 Rb8+ 0-1

[Event "Mercredi 2025.02.19 ABCD"]
[Site "Montreal CAN"]
[Date "2025.03.05"]
[Round "3"]
[White "Deboosere, Adam"]
[Black "Jacquet, Stephane"]
[Result "0-1"]
[WhiteElo "1997"]
[BlackElo "2042"]
[WhiteFideId "-1"]
[WhiteFideId "-1"]
[PlyCount "146"]
[GameId "2157618670129372"]
[EventDate "2025.02.19"]
[EventType "tourn"]
[EventRounds "5"]
[EventCountry "CAN"]

1. Nf3 Nf6 2. c4 g6 3. b4 Bg7 4. Bb2 O-O 5. e3 a5 6. b5 d6 7. d4 Nbd7 8. Be2 e5 9. O-O e4 10. Nfd2 Re8 11. Nc3 h5 12. Qc2 Qe7 13. Rfc1 b6 14. Na4 Ng4 15. h3 Nh6 16. c5 bxc5 17. dxc5 Bxb2 18. cxd6 cxd6 19. Qxb2 Qg5 20. b6 Rb8 21. Qb5 Nf5 22. Nc4 Nf6 23. Bf1 Bd7 24. Qb3 Nh4 25. Kh1 Be6 26. Qd1 d5 27. Ncb2 Nd7 28. Nc5 Nxc5 29. Rxc5 Rxb6 30. Na4 Rd6 31. Rxa5 Qf6 32. Qe1 Rc8 33. Nc5 Rdc6 34. Nxe6 Qxe6 35. Rd1 Rc5 36. Rxc5 Rxc5 37. Qb4 Rc2 38. a4 Rxf2 39. Qb8+ Kg7 40. Qg3 Qf6 41. Kh2 Ra2 42. Rxd5 Rxa4 43. Rd1 Nf5 44. Qf4 h4 45. Bb5 Ra1 46. Qf1 Rxd1 47. Qxd1 Qc3 48. Kh1 Qxe3 49. Be8 Qd4 50. Qb3 Nd6 51. Bd7 e3 52. Bg4 Ne4 53. Kh2 Ng3 54. Qb1 e2 55. Qe1 Qe5 56. Kg1 Qe3+ 57. Kh2 Nf1+ 58. Kh1 Ng3+ 59. Kh2 f6 60. Bf3 Nf1+ 61. Kh1 Ng3+ 62. Kh2 Kh6 63. Bg4 Nf1+ 64. Kh1 Ng3+ 65. Kh2 g5 66. Bf3 Nf1+ 67. Kh1 Ng3+ 68. Kh2 f5 69. Bc6 Nf1+ 70. Kh1 Qf4 71. Kg1 Qd6 72. Kh1 Qd1 73. Qc3 Ng3+ 0-1

[Event "Mercredi 2025.02.19 ABCD"]
[Site "Montreal CAN"]
[Date "2025.03.05"]
[Round "3"]
[White "Gadbois, Patrick"]
[Black "Templonueva, Mark Geryl"]
[Result "0-1"]
[WhiteElo "1901"]
[BlackElo "1904"]
[WhiteFideId "-1"]
[WhiteFideId "-1"]
[PlyCount "144"]
[GameId "2157618670129385"]
[EventDate "2025.02.19"]
[EventType "tourn"]
[EventRounds "5"]
[EventCountry "CAN"]

1. d4 d5 2. e3 Nf6 3. Bd3 c5 4. c3 Nc6 5. Nf3 Bg4 6. Nbd2 e6 7. O-O Bd6 8. h3 Bf5 9. Bxf5 exf5 10. dxc5 Bxc5 11. Nd4 g6 12. b3 Ne4 13. Bb2 O-O 14. N2f3 Qe7 15. Nxc6 bxc6 16. Nd4 Rac8 17. a3 Rfd8 18. Qd3 Bd6 19. Nf3 Nc5 20. Qc2 Qe4 21. Qd1 Rb8 22. b4 Ne6 23. Nd4 Nxd4 24. Qxd4 c5 25. Qd2 c4 26. a4 Bf8 27. Rfd1 Bg7 28. Rab1 g5 29. b5 Qe7 30. Qc2 Qe5 31. Rbc1 Bf8 32. Ra1 Rb6 33. Ba3 Rh6 34. Bxf8 Kxf8 35. Qd2 g4 36. Qd4 Qc7 37. hxg4 Qh2+ 38. Kf1 Rg6 39. Qf4 Qxf4 40. exf4 fxg4 41. g3 a6 42. Rab1 Rb6 43. Rd4 Ke7 44. Ke2 Kd6 45. Rbd1 Kc5 46. bxa6 Re6+ 47. Kd2 Rxa6 48. Ra1 f5 49. Re1 Rxa4 50. Re5 Ra2+ 51. Ke1 Rc2 52. Re3 Rxc3 53. Rxd5+ Rxd5 54. Rxc3 Kb4 55. Re3 c3 56. Re8 c2 57. Rb8+ Ka5 58. Ra8+ Kb4 59. Rb8+ Kc4 60. Rc8+ Kd3 61. Rc7 Rd4 62. f3 gxf3 63. g4 fxg4 64. f5 g3 65. f6 Re4+ 66. Kf1 g2+ 67. Kf2 Re2+ 68. Kxf3 g1=Q 69. Rd7+ Qd4 70. Rxd4+ Kxd4 71. f7 c1=Q 72. f8=Q Qf1+ 0-1

[Event "Mercredi 2025.02.19 ABCD"]
[Site "Montreal CAN"]
[Date "2025.03.05"]
[Round "3"]
[White "Hartner, Rian"]
[Black "Ali, Nehad"]
[Result "1/2-1/2"]
[WhiteElo "1850"]
[BlackElo "1955"]
[WhiteFideId "-1"]
[WhiteFideId "-1"]
[PlyCount "82"]
[GameId "2157618670129387"]
[EventDate "2025.02.19"]
[EventType "tourn"]
[EventRounds "5"]
[EventCountry "CAN"]

1. e4 e6 2. d4 d5 3. Nc3 Bb4 4. e5 c5 5. a3 cxd4 6. axb4 dxc3 7. Qg4 Kf8 8. Nf3 Qc7 9. Ra3 cxb2 10. Bxb2 Nh6 11. Qf4 Nc6 12. b5 Ne7 13. Bd3 a5 14. Rc3 Qd8 15. Ba3 b6 16. h4 Kg8 17. h5 Bb7 18. Rh3 Nef5 19. Bxf5 Nxf5 20. h6 g6 21. g4 d4 22. Rd3 Bxf3 23. Qxf3 Nxh6 24. Rxh6 Kg7 25. Qf4 g5 26. Qh2 Qd5 27. Rdh3 Qe4+ 28. Kd1 Qxg4+ 29. f3 Qf5 30. Be7 d3 31. Bf6+ Kg8 32. Bxh8 dxc2+ 33. Qxc2 Rd8+ 34. Kc1 Qf4+ 35. Kb1 Qb4+ 36. Ka1 Qe1+ 37. Kb2 Qb4+ 38. Ka1 Qa3+ 39. Kb1 Qb4+ 40. Ka1 Qe1+ 41. Kb2 Qb4+ 1/2-1/2

[Event "Mercredi 2025.02.19 ABCD"]
[Site "Montreal CAN"]
[Date "2025.03.05"]
[Round "3"]
[White "Latorre, Vincent"]
[Black "Genzling, Jerome"]
[Result "1-0"]
[WhiteElo "2368"]
[BlackElo "2104"]
[WhiteFideId "-1"]
[WhiteFideId "-1"]
[PlyCount "69"]
[GameId "2157618669932751"]
[EventDate "2025.02.19"]
[EventType "tourn"]
[EventRounds "5"]
[EventCountry "CAN"]

1. Nf3 Nf6 2. g3 b6 3. Bg2 Bb7 4. O-O e6 5. c4 Be7 6. d4 c5 7. d5 exd5 8. Nh4 b5 9. Nf5 O-O 10. cxd5 d6 11. e4 Nbd7 12. a4 b4 13. Bf4 g6 14. Nxd6 Ba6 15. Nb5 Nh5 16. Bc7 Qc8 17. e5 Bg5 18. Bd6 Re8 19. h4 Bh6 20. Nd2 Bxd2 21. Qxd2 Nxe5 22. Bxe5 Rxe5 23. d6 Rb8 24. Nxa7 Qf8 25. Rfd1 Re2 26. Qg5 h6 27. Qxc5 Nf6 28. Nc6 Rbe8 29. Nxb4 Bc8 30. Nc6 Nd7 31. Qc4 Rxb2 32. Ne7+ Kh7 33. a5 Bb7 34. Rdb1 Qg7 35. Rxb2 1-0

[Event "Mercredi 2025.02.19 ABCD"]
[Site "Montreal CAN"]
[Date "2025.03.05"]
[Round "3"]
[White "Liao, Minyam"]
[Black "Cosette, Richard"]
[Result "1/2-1/2"]
[WhiteElo "1714"]
[BlackElo "1824"]
[WhiteFideId "-1"]
[WhiteFideId "-1"]
[PlyCount "74"]
[GameId "2157618670129400"]
[EventDate "2025.02.19"]
[EventType "tourn"]
[EventRounds "5"]
[EventCountry "CAN"]

1. e4 d6 2. d4 Nf6 3. Nc3 e5 4. dxe5 dxe5 5. Qxd8+ Kxd8 6. Bc4 Be6 7. Bxe6 fxe6 8. Bg5 Bd6 9. f3 Nbd7 10. O-O-O a6 11. Nh3 Ke7 12. Nf2 h6 13. Be3 b5 14. Rhf1 Rhb8 15. Nd3 Nb6 16. b3 b4 17. Ne2 a5 18. Bc5 Nbd7 19. Bxd6+ cxd6 20. Ng3 a4 21. f4 Ng4 22. fxe5 Ne3 23. exd6+ Ke8 24. Nh5 Nxf1 25. Rxf1 axb3 26. Nxg7+ Kd8 27. Nxe6+ Kc8 28. cxb3 Rxa2 29. Rf7 Rb6 30. e5 Rc6+ 31. Kb1 Rxg2 32. Nxb4 Rb6 33. Nd5 Rxb3+ 34. Ka1 Rbb2 35. Ne7+ Kb8 36. Nc6+ Ka8 37. Rxd7 Ra2+ 1/2-1/2

[Event "Mercredi 2025.02.19 ABCD"]
[Site "Montreal CAN"]
[Date "2025.03.05"]
[Round "3"]
[White "Nassif, Aba"]
[Black "Di Matteo, Alessio"]
[Result "1-0"]
[WhiteElo "2004"]
[BlackElo "1973"]
[WhiteFideId "-1"]
[WhiteFideId "-1"]
[PlyCount "147"]
[GameId "2157618670129373"]
[EventDate "2025.02.19"]
[EventType "tourn"]
[EventRounds "5"]
[EventCountry "CAN"]

1. Nf3 Nf6 2. b4 d5 3. Bb2 Bf5 4. e3 e6 5. a3 Nbd7 6. Be2 Bd6 7. d4 h6 8. Nbd2 c6 9. c4 O-O 10. Nh4 Bh7 11. f4 Ne4 12. Nhf3 Ndf6 13. O-O Ng4 14. Qb3 Nxd2 15. Nxd2 f5 16. e4 dxe4 17. c5 Bc7 18. Bxg4 fxg4 19. Qxe6+ Kh8 20. Qxg4 Qd5 21. Rac1 b5 22. Rc3 Qxd4+ 23. Kh1 Bf5 24. Qe2 Rad8 25. Nb3 Qd7 26. Rg3 Rf7 27. Nd4 Bh7 28. Qe3 Be5 29. Qe2 Rxf4 30. Rxf4 Bxf4 31. Rxg7 Qxg7 32. Ne6 Rd1+ 33. Qxd1 Qxb2 34. Nxf4 Qf6 35. Nh5 Qe5 36. Qd8+ Bg8 37. Qf6+ Qxf6 38. Nxf6 e3 39. Kg1 Bc4 40. Ng4 e2 41. Kf2 Kg7 42. Ne5 Bd5 43. g3 Kf6 44. Ng4+ Kg5 45. Ne3 Bf3 46. Nc2 Bd5 47. Kxe2 Kf6 48. Ke3 Ke5 49. Nd4 Bg2 50. Nb3 Bd5 51. Na5 h5 52. Nb7 Be6 53. Nd6 Bd5 54. Ne8 Bf7 55. Nd6 Bd5 56. Nc8 a6 57. Ne7 Be4 58. h3 Bg2 59. Ng6+ Kf6 60. Nf4 Bf1 61. Nxh5+ Ke5 62. Nf4 Kf5 63. Kd4 Bc4 64. Nd3 Bd5 65. g4+ Kf6 66. h4 Bf3 67. Ne5 Bd5 68. Nd7+ Ke6 69. Nb8 Bf3 70. g5 Kf5 71. Nxa6 Ke6 72. Nb8 Bd5 73. h5 Kf5 74. h6 1-0

[Event "Mercredi 2025.02.19 ABCD"]
[Site "Montreal CAN"]
[Date "2025.03.05"]
[Round "3"]
[White "Navarro, Pavel"]
[Black "Boudreau, Daniel"]
[Result "1-0"]
[WhiteElo "1896"]
[BlackElo "1867"]
[WhiteFideId "-1"]
[WhiteFideId "-1"]
[PlyCount "55"]
[GameId "2157618670129386"]
[EventDate "2025.02.19"]
[EventType "tourn"]
[EventRounds "5"]
[EventCountry "CAN"]

1. e4 c5 2. Nf3 e6 3. d4 cxd4 4. Nxd4 a6 5. Bd3 Nf6 6. O-O Qc7 7. c4 Nc6 8. Nxc6 bxc6 9. Qe2 e5 10. Be3 d6 11. h3 Be7 12. Nc3 O-O 13. Kh1 Bb7 14. f4 Nd7 15. Rad1 Rae8 16. f5 Bf6 17. Bc2 Rd8 18. Qf2 Kh8 19. g4 Be7 20. g5 Rb8 21. Qh4 Rg8 22. f6 gxf6 23. gxf6 Nxf6 24. Rxf6 Qd8 25. Rdf1 Rg6 26. Bg5 Rg7 27. Qh5 Qg8 28. h4 1-0

[Event "Mercredi 2025.02.19 ABCD"]
[Site "Montreal CAN"]
[Date "2025.03.12"]
[Round "4"]
[White "Bain-Thouverez, Aurelien"]
[Black "Liao, Minyam"]
[Result "0-1"]
[WhiteElo "1804"]
[BlackElo "1714"]
[WhiteFideId "-1"]
[WhiteFideId "-1"]
[PlyCount "136"]
[GameId "2157618670129402"]
[EventDate "2025.02.19"]
[EventType "tourn"]
[EventRounds "5"]
[EventCountry "CAN"]

1. d4 d5 2. Nf3 e6 3. c4 Nf6 4. g3 Be7 5. Bg2 O-O 6. O-O dxc4 7. Nbd2 b5 8. b3 c3 9. Nb1 b4 10. a3 Bb7 11. axb4 Bxb4 12. Qd3 Be4 13. Qc4 Nd5 14. Ba3 Bxa3 15. Rxa3 Qe7 16. b4 a5 17. Rxa5 Rxa5 18. bxa5 Bxb1 19. Rxb1 Qa3 20. e4 Nf6 21. Ne1 Qxa5 22. Nc2 Nbd7 23. Ra1 Qb6 24. Qxc3 Rb8 25. Rc1 c5 26. d5 exd5 27. exd5 Qb3 28. Qxb3 Rxb3 29. Ne3 h6 30. h3 Rd3 31. Bf1 Rd2 32. Bb5 g6 33. Rd1 Rxd1+ 34. Nxd1 Kf8 35. Nc3 Ke7 36. Kf1 Nb6 37. Ke2 Nbxd5 38. Nd1 Kd6 39. Bc4 Nd7 40. Ne3 Nxe3 41. Kxe3 Ne5 42. Bb3 c4 43. Ba4 Kc5 44. f4 Nc6 45. Kd2 f6 46. Kc3 Ne7 47. Be8 g5 48. fxg5 fxg5 49. h4 Nd5+ 50. Kc2 Kd4 51. hxg5 hxg5 52. Bf7 Ne3+ 53. Kc1 Nf5 54. g4 Ne3 55. Be6 Ke5 56. Bf7 Kd4 57. Be6 Kc3 58. Bd7 Nd5 59. Bf5 Nf4 60. Bd7 Nd3+ 61. Kd1 Kb2 62. Bf5 Ne5 63. Ke2 c3 64. Ke3 Nxg4+ 65. Kd4 c2 66. Bxc2 Kxc2 67. Ke4 Nf6+ 68. Ke5 g4 0-1

[Event "Mercredi 2025.02.19 ABCD"]
[Site "Montreal CAN"]
[Date "2025.03.12"]
[Round "4"]
[White "Batorshyn, Ilia"]
[Black "Chapdelaine, Gwyn"]
[Result "1/2-1/2"]
[WhiteElo "2253"]
[BlackElo "2174"]
[WhiteFideId "-1"]
[WhiteFideId "-1"]
[PlyCount "119"]
[GameId "2157618670117074"]
[EventDate "2025.02.19"]
[EventType "tourn"]
[EventRounds "5"]
[EventCountry "CAN"]

1. Nf3 Nf6 2. c4 e6 3. b3 b6 4. g3 Bb7 5. Bg2 Be7 6. O-O O-O 7. Bb2 d6 8. d4 Nbd7 9. Nc3 d5 10. Ne5 c5 11. Nxd7 Qxd7 12. cxd5 exd5 13. Rc1 Rac8 14. dxc5 bxc5 15. e3 Rfd8 16. Na4 d4 17. exd4 Bxg2 18. Kxg2 cxd4 19. Qf3 Ng4 20. Rxc8 Rxc8 21. Rd1 Bf6 22. Rd2 h6 23. h3 Ne5 24. Qe4 Nc6 25. Nc5 Qd6 26. Nd3 Qd7 27. Nf4 Re8 28. Qd5 Rd8 29. Qxd7 Rxd7 30. Nd3 g5 31. Ba3 Kg7 32. Rc2 Ne5 33. Nxe5 Bxe5 34. Bb2 Kg6 35. Rd2 f5 36. Kf3 h5 37. b4 Kf6 38. Ke2 Rb7 39. f4 gxf4 40. gxf4 Bxf4 41. Rxd4 Re7+ 42. Kf3 Be5 43. Rd6+ Re6 44. Bxe5+ Kxe5 45. Rxe6+ Kxe6 46. Kf4 Kd5 47. h4 Kc4 48. Kg5 f4 49. Kxf4 Kxb4 50. Kg5 Ka3 51. Kxh5 Kxa2 52. Kg4 a5 53. h5 a4 54. h6 a3 55. h7 Kb1 56. h8=Q a2 57. Qb8+ Ka1 58. Qe5+ Kb1 59. Qb5+ Ka1 60. Qb4 1/2-1/2

[Event "Mercredi 2025.02.19 ABCD"]
[Site "Montreal CAN"]
[Date "2025.03.12"]
[Round "4"]
[White "Boudreau, Daniel"]
[Black "Hartner, Rian"]
[Result "1/2-1/2"]
[WhiteElo "1867"]
[BlackElo "1850"]
[WhiteFideId "-1"]
[WhiteFideId "-1"]
[PlyCount "200"]
[GameId "2157618670129388"]
[EventDate "2025.02.19"]
[EventType "tourn"]
[EventRounds "5"]
[EventCountry "CAN"]

1. e4 c6 2. Nf3 d5 3. exd5 cxd5 4. Ne5 Nd7 5. d4 g6 6. Bd3 Bg7 7. Qe2 Nh6 8. O-O O-O 9. c3 f6 10. Bxh6 Bxh6 11. Ng4 Bg7 12. Qe6+ Kh8 13. Qxd5 f5 14. Ne3 Qc7 15. f4 e5 16. fxe5 Nxe5 17. dxe5 Rd8 18. Qc4 Qb6 19. Re1 Bh6 20. Qb5 Bxe3+ 21. Kh1 Qxb5 22. Bxb5 a6 23. Na3 f4 24. Be2 b5 25. Bf3 Ra7 26. g3 Bf5 27. gxf4 Bxf4 28. Be4 Rd2 29. Bxf5 gxf5 30. e6 Re7 31. Rad1 Rxh2+ 32. Kg1 Rxb2 33. Rd7 Bg5 34. Rd6 Bf6 35. Rxa6 Bxc3 36. Rd1 Kg7 37. Rd3 Bb4 38. Nxb5 Bc5+ 39. Nd4 Rb4 40. Rd6 Kf6 41. Rd5 Rb1+ 42. Kg2 Rb2+ 43. Kf3 Bxd4 44. R3xd4 Rxe6 45. a4 Ra2 46. a5 h5 47. Kg3 Kg5 48. Rd3 h4+ 49. Kh3 Re1 50. Rd2 Re3+ 51. Kh2 Re2+ 52. Rxe2 Rxe2+ 53. Kh3 Re3+ 54. Kh2 Ra3 55. Rb5 Kg4 56. Rb2 Rxa5 57. Rg2+ Kf3 58. Rb2 Re5 59. Kh3 Re4 60. Rb5 f4 61. Kxh4 Re1 62. Rb3+ Re3 63. Rb4 Rd3 64. Ra4 Rd1 65. Ra3+ Ke4 66. Ra4+ Rd4 67. Ra3 Rd3 68. Ra1 Ke3 69. Rf1 Rd2 70. Ra1 f3 71. Kg3 Rg2+ 72. Kh3 Rg6 73. Ra3+ Ke4 74. Ra4+ Ke5 75. Ra5+ Ke4 76. Ra4+ Ke5 77. Ra5+ Kd4 78. Ra4+ Kd3 79. Ra3+ Ke2 80. Ra2+ Ke1 81. Ra1+ Kd2 82. Ra2+ Ke3 83. Ra3+ Kf4 84. Ra4+ Kg5 85. Kg3 Rf6 86. Kf2 Rf4 87. Ra8 Rf6 88. Ra5+ Kg6 89. Ra8 Rf5 90. Rg8+ Kf6 91. Ra8 Kg5 92. Rg8+ Kf4 93. Ra8 Rf7 94. Ra4+ Ke5 95. Ra3 Rh7 96. Rxf3 Rh2+ 97. Kg3 Ra2 98. Kh3 Kd4 99. Rf4+ Kc5 100. Rh4 Ra3+ 1/2-1/2

[Event "Mercredi 2025.02.19 ABCD"]
[Site "Montreal CAN"]
[Date "2025.03.12"]
[Round "4"]
[White "Cebria Oliveira, Gabriel"]
[Black "Beaulieu, Pierre"]
[Result "1/2-1/2"]
[WhiteElo "1804"]
[BlackElo "1720"]
[WhiteFideId "-1"]
[WhiteFideId "-1"]
[PlyCount "81"]
[GameId "2157618670129404"]
[EventDate "2025.02.19"]
[EventType "tourn"]
[EventRounds "5"]
[EventCountry "CAN"]

1. e4 c5 2. c3 g6 3. d4 cxd4 4. cxd4 Bg7 5. Nc3 d6 6. Nf3 Nf6 7. Bb5+ Nfd7 8. O-O O-O 9. Re1 a6 10. Bf1 Nc6 11. Be3 b5 12. Qd2 Re8 13. Bh6 Bh8 14. h3 Nf8 15. d5 Ne5 16. Nd4 Bd7 17. Kh1 Rb8 18. b3 b4 19. Nce2 f6 20. f4 Nf7 21. Bxf8 Rxf8 22. f5 Ne5 23. Nf4 Rf7 24. Nde6 Bxe6 25. Nxe6 Qb6 26. Rac1 Bg7 27. Rc7 g5 28. Rec1 h6 29. Rc8+ Rxc8 30. Rxc8+ Kh7 31. Be2 Qf2 32. Qd1 g4 33. hxg4 Qh4+ 34. Kg1 Qg3 35. g5 fxg5 36. Bh5 Bf6 37. Bxf7 Nxf7 38. Nf8+ Kg7 39. Ne6+ Kh7 40. Nf8+ Kg7 41. Ne6+ 1/2-1/2

[Event "Mercredi 2025.02.19 ABCD"]
[Site "Montreal CAN"]
[Date "2025.03.12"]
[Round "4"]
[White "Cosette, Richard"]
[Black "Chasles, Jean-Benoit"]
[Result "1/2-1/2"]
[WhiteElo "1824"]
[BlackElo "1742"]
[WhiteFideId "-1"]
[WhiteFideId "-1"]
[PlyCount "133"]
[GameId "2157618670129403"]
[EventDate "2025.02.19"]
[EventType "tourn"]
[EventRounds "5"]
[EventCountry "CAN"]

1. e4 c5 2. c3 d5 3. exd5 Qxd5 4. d4 Nf6 5. Nf3 g6 6. Na3 cxd4 7. Bc4 Qe4+ 8. Be3 Be6 9. Bxe6 Qxe6 10. Nb5 Na6 11. Qa4 Nd7 12. Nfxd4 Qe4 13. O-O Bg7 14. Rfe1 O-O 15. Bg5 Qg4 16. Bxe7 Rfc8 17. h3 Qf4 18. Bd6 Qg5 19. Re3 Nb6 20. Qd1 Nc4 21. Rg3 Qd5 22. Ba3 Nc7 23. Qb3 Nxb5 24. Nxb5 Qc6 25. Rd1 Nxa3 26. Nxa3 Rd8 27. Rgd3 Rxd3 28. Rxd3 Re8 29. Qd1 a6 30. Nc2 Qe6 31. Re3 Qc8 32. Rxe8+ Qxe8 33. Nd4 Qe4 34. a3 Qd5 35. Qd2 b5 36. Nf3 Qxd2 37. Nxd2 Kf8 38. f4 Ke7 39. Kf2 Ke6 40. Kf3 Kd5 41. g4 a5 42. Ke3 f5 43. g5 b4 44. Kd3 bxa3 45. c4+ Kc5 46. bxa3 a4 47. Nb1 Bb2 48. Nc3 Bxa3 49. Nxa4+ Kb4 50. Nc3 Kc5 51. Nd5 Bc1 52. Nf6 Bxf4 53. Nxh7 Kd6 54. Nf8 Bxg5 55. c5+ Kd5 56. h4 Bxh4 57. Nxg6 Bg5 58. Nf8 Be7 59. Nd7 Kc6 60. Ne5+ Kxc5 61. Ke3 Bg5+ 62. Kf3 Kd5 63. Nd3 Kd4 64. Nf2 Be3 65. Ng4 Bg5 66. Nf2 Kc3 67. Ne4+ 1/2-1/2

[Event "Mercredi 2025.02.19 ABCD"]
[Site "Montreal CAN"]
[Date "2025.03.12"]
[Round "4"]
[White "Deboosere, Adam"]
[Black "Cardin, Guillaume"]
[Result "1/2-1/2"]
[WhiteElo "1997"]
[BlackElo "2067"]
[WhiteFideId "-1"]
[WhiteFideId "-1"]
[PlyCount "109"]
[GameId "2157618670129374"]
[EventDate "2025.02.19"]
[EventType "tourn"]
[EventRounds "5"]
[EventCountry "CAN"]

1. Nf3 d5 2. b3 Bf5 3. Bb2 e6 4. g3 Nf6 5. Bg2 Be7 6. d3 h6 7. O-O O-O 8. c4 c6 9. Nbd2 Nbd7 10. Qc2 Rc8 11. a3 Qc7 12. Rfc1 Qb8 13. b4 e5 14. Nh4 Be6 15. Qb1 Nh5 16. Nhf3 f5 17. e4 Nhf6 18. Nh4 fxe4 19. Ng6 Rf7 20. Nxe7+ Rxe7 21. cxd5 cxd5 22. dxe4 d4 23. Rxc8+ Qxc8 24. Qd3 Nb6 25. a4 Nc4 26. Rc1 Rc7 27. Nxc4 Bxc4 28. Qc2 Rc6 29. Qd1 Bf7 30. f4 Rxc1 31. Qxc1 Qxc1+ 32. Bxc1 Bb3 33. fxe5 Ng4 34. a5 Nxe5 35. Bb2 d3 36. Bxe5 d2 37. Bf3 d1=Q+ 38. Bxd1 Bxd1 39. Kf2 Ba4 40. Ke3 g6 41. Kd4 Kf7 42. Kc5 Bc6 43. Kd4 Ke6 44. h3 h5 45. Bc7 a6 46. Ke3 Bd7 47. Kf4 Kf7 48. h4 Ke6 49. g4 hxg4 50. Kxg4 Bc6 51. Kf4 Bb5 52. Kg5 Kf7 53. h5 gxh5 54. Kxh5 Bc6 55. Kh4 1/2-1/2

[Event "Mercredi 2025.02.19 ABCD"]
[Site "Montreal CAN"]
[Date "2025.03.12"]
[Round "4"]
[White "Gadbois, Patrick"]
[Black "Navarro, Pavel"]
[Result "0-1"]
[WhiteElo "1901"]
[BlackElo "1896"]
[WhiteFideId "-1"]
[WhiteFideId "-1"]
[PlyCount "78"]
[GameId "2157618670129390"]
[EventDate "2025.02.19"]
[EventType "tourn"]
[EventRounds "5"]
[EventCountry "CAN"]

1. d4 Nf6 2. Bf4 g6 3. Nc3 c5 4. e3 cxd4 5. exd4 Bg7 6. Nf3 O-O 7. Be2 d6 8. h3 Nc6 9. O-O Nd7 10. Qd2 e5 11. dxe5 dxe5 12. Bh6 Nb6 13. Qe3 Bxh6 14. Qxh6 Qe7 15. Rad1 f6 16. a3 Bf5 17. Rd2 Rfd8 18. Rfd1 Rxd2 19. Rxd2 Rd8 20. Nh4 Nd4 21. Nxf5 gxf5 22. Bf1 Qg7 23. Qxg7+ Kxg7 24. Nb1 Rc8 25. c3 Nb3 26. Rd6 Kf7 27. Rd1 Ke6 28. Bd3 e4 29. Bc2 Na1 30. Rc1 Nxc2 31. Rxc2 Rd8 32. Nd2 Ke5 33. Nb3 Rd1+ 34. Kh2 Nc4 35. g3 f4 36. gxf4+ Kxf4 37. Nc5 Nd2 38. Kg2 Nf3 39. h4 Ne1+ 0-1